[Event "Titled Tuesday intern op 18th Jul Early"]
[Site "Chess.com INT"]
[Date "2023.07.18"]
[Round "11"]
[White "Levitan, Ronit"]
[Black "Rodriguez Santiago, Jaime"]
[Result "1/2-1/2"]
[WhiteElo "2150"]
[BlackElo "2020"]
[PlyCount "145"]
[EventDate "2023.07.18"]
[EventType "swiss (blitz)"]
[EventRounds "11"]
[EventCountry "USA"]
[SourceTitle "EXT 2024"]
[Source "ChessBase"]
[SourceDate "2023.10.10"]
[SourceVersion "1"]
[SourceVersionDate "2023.10.10"]
[SourceQuality "1"]

1. e4 c6 2. d4 d5 3. exd5 cxd5 4. c4 e6 5. Nc3 Nf6 6. Nf3 Be7 7. cxd5 Nxd5 8. Bd3 Nc6 9. 0-0 0-0 10. Re1 Bf6 11. a3 h6 12. Bc2 Nce7 13. Qd3 Ng6 14. Ne5 Bxe5 15. dxe5 Re8 16. Nxd5 exd5 17. Bd2 Be6 18. Bc3 Rc8 19. Rad1 Qg5 20. Qg3 Qxg3 21. hxg3 Ne7 22. Ba4 Red8 23. Bd4 b6 24. Bb5 Nf5 25. b4 Nxd4 26. Rxd4 Rc2 27. a4 Rdc8 28. Red1 Rb2 29. R4d2 Rxd2 30. Rxd2 Rc1+ 31. Kh2 Rb1 32. Rd4 Rb2 33. Kg1 Kf8 34. Bc6 Ke7 35. a5 bxa5 36. bxa5 Ra2 37. Bxd5 Rxa5 38. Bxe6 Kxe6 39. f4 Ra3 40. Kf2 a5 41. Rc4 a4 42. Rc6+ Kf5 43. Rc7 Ke4 44. Rxf7 Ra2+ 45. Kg1 a3 46. Rxg7 Ra1+ 47. Kh2 a2 48. Ra7 Kf5 49. Ra4 h5 50. Ra3 Kg4 51. e6 Re1 52. Rxa2 Rxe6 53. Ra5 Rg6 54. Rg5+ Rxg5 55. fxg5 Kxg5 56. Kh3 Kg6 57. Kh4 Kh6 58. g4 hxg4 59. Kxg4 Kg6 60. g3 Kh7 61. Kh5 Kh8 62. Kg6 Kg8 63. g4 Kh8 64. Kf7 Kh7 65. g5 Kh8 66. Kf6 Kh7 67. g6+ Kh8 68. Kf5 Kg8 69. Kg5 Kg7 70. Kf5 Kg8 71. Kf6 Kf8 72. g7+ Kg8 73. Kg6 1/2-1/2

[Event "Titled Tuesday intern op 18th Jul Early"]
[Site "Chess.com INT"]
[Date "2023.07.18"]
[Round "6"]
[White "Starosta, Martyna"]
[Black "Levitan, Ronit"]
[Result "0-1"]
[WhiteElo "2168"]
[BlackElo "2150"]
[PlyCount "106"]
[EventDate "2023.07.18"]
[EventType "swiss (blitz)"]
[EventRounds "11"]
[EventCountry "USA"]
[SourceTitle "EXT 2024"]
[Source "ChessBase"]
[SourceDate "2023.10.10"]
[SourceVersion "1"]
[SourceVersionDate "2023.10.10"]
[SourceQuality "1"]

1. e4 e5 2. Nf3 Nc6 3. Bc4 Bc5 4. c3 Nf6 5. d4 exd4 6. cxd4 Bb4+ 7. Bd2 Nxe4 8. Bxb4 Nxb4 9. Bxf7+ Kxf7 10. Qb3+ d5 11. Qxb4 a5 12. Ne5+ Ke6 13. Qb3 a4 14. Qh3+ Ke7 15. Qe3 Re8 16. f3 Nf6 17. 0-0 Kf8 18. Nc3 c6 19. Rae1 Kg8 20. g4 Nd7 21. Qf4 Qf6 22. Nd3 Rf8 23. Qe3 Nb6 24. Ne5 Nc4 25. Nxc4 dxc4 26. Ne4 Qg6 27. Nc5 b6 28. Ne4 Bd7 29. Qc3 b5 30. Nc5 Bxg4 31. fxg4 Qxg4+ 32. Kh1 Rae8 33. Rxf8+ Rxf8 34. Qe3 h5 35. Qe6+ Qxe6 36. Nxe6 Rf2 37. Rb1 Re2 38. Nd8 c5 39. dxc5 Rd2 40. Nb7 Rd7 41. c6 Rc7 42. Rd1 Rxc6 43. Nd8 Rf6 44. Nb7 b4 45. Nc5 a3 46. bxa3 bxa3 47. Ne4 Rf4 48. Nd6 Rf2 49. Nxc4 Rxa2 50. Rd3 Ra1+ 51. Kg2 a2 52. Ra3 Kf7 53. Nd2 Kf6 0-1

[Event "Norway Chess op"]
[Site "Stavanger"]
[Date "2023.05.29"]
[Round "4"]
[White "Levitan, Ronit"]
[Black "Zheng, Harry Z"]
[Result "1-0"]
[WhiteElo "2220"]
[BlackElo "2067"]
[PlyCount "135"]
[EventDate "2023.05.27"]
[EventType "swiss"]
[EventRounds "10"]
[EventCountry "NOR"]
[SourceTitle "CBM 214 Extra"]
[Source "ChessBase"]
[SourceDate "2023.07.31"]
[SourceVersion "1"]
[SourceVersionDate "2023.07.31"]
[SourceQuality "1"]

1. e4 e5 2. Nf3 Nc6 3. Nc3 Nf6 4. Bb5 Bb4 5. 0-0 0-0 6. Bxc6 bxc6 7. Nxe5 Bxc3 8. dxc3 Re8 9. Nd3 Nxe4 10. f3 Nf6 11. Bg5 d5 12. Qd2 h6 13. Bh4 Ba6 14. Rfe1 Bxd3 15. Qxd3 Qd6 16. Bg3 Qd7 17. Bf2 a5 18. a4 Rxe1+ 19. Rxe1 c5 20. b3 Qc6 21. c4 Qa6 22. Bxc5 dxc4 23. Qc3 cxb3 24. Qxb3 Qc6 25. Bd4 Qd5 26. Qc3 Rd8 27. Bxf6 gxf6 28. Qxc7 Qd2 29. Kf1 Rd4 30. Re8+ Kg7 31. Qg3+ Qg5 32. Qxg5+ fxg5 33. Re4 Rd1+ 34. Ke2 Rg1 35. Kf2 Ra1 36. Kg3 f5 37. Rc4 Kg6 38. Kh3 Ra3 39. c3 Ra2 40. f4 Ra1 41. Kg3 Ra2 42. h3 Kh5 43. Kf3 Kg6 44. g4 Ra3 45. Ke3 fxg4 46. hxg4 gxf4+ 47. Kxf4 Ra1 48. Ke5 Kg5 49. Kd5 Rg1 50. Rd4 Ra1 51. Kc6 Rb1 52. Rd6 Rg1 53. Kb5 Rxg4 54. c4 h5 55. c5 Rb4+ 56. Kxa5 Rc4 57. Kb5 Rc1 58. a5 h4 59. a6 h3 60. a7 Rb1+ 61. Kc6 Ra1 62. Rd7 h2 63. Rh7 Rxa7 64. Rxh2 Kf6 65. Rf2+ Kg6 66. Kb6 Ra1 67. c6 Rb1+ 68. Kc7 1-0

[Event "Titled Tuesday intern op 09th May Early"]
[Site "Chess.com INT"]
[Date "2023.05.09"]
[Round "2"]
[White "Levitan, Ronit"]
[Black "Khromkin, Andrey"]
[Result "0-1"]
[WhiteElo "2220"]
[BlackElo "2191"]
[PlyCount "72"]
[EventDate "2023.05.09"]
[EventType "swiss (blitz)"]
[EventRounds "11"]
[EventCountry "USA"]
[SourceTitle "CBM 214 Extra"]
[Source "ChessBase"]
[SourceDate "2023.07.31"]
[SourceVersion "1"]
[SourceVersionDate "2023.07.31"]
[SourceQuality "1"]

1. e4 c5 2. c3 Nc6 3. d4 d5 4. exd5 Qxd5 5. Nf3 Bg4 6. Be2 cxd4 7. cxd4 e6 8. h3 Bh5 9. Nc3 Qa5 10. 0-0 Rd8 11. Qb3 Qb4 12. Qxb4 Bxb4 13. g4 Bg6 14. Be3 h5 15. Kg2 Nf6 16. g5 Ne4 17. Rac1 h4 18. a3 Nxc3 19. bxc3 Bxa3 20. Ra1 Bb2 21. Ra2 Bxc3 22. Rd1 Be4 23. Bb5 a6 24. Ba4 Ke7 25. Bxc6 Bxc6 26. Rc2 Bb4 27. Rxc6 bxc6 28. Ne5 Rc8 29. g6 f6 30. Nf7 Rh5 31. Rb1 a5 32. Rc1 c5 33. dxc5 Bxc5 34. Rb1 Bb4 35. Rd1 Rd5 36. Re1 Bxe1 0-1

[Event "EU-ch 23rd"]
[Site "Vrnjacka Banja"]
[Date "2023.03.12"]
[Round "10"]
[White "Levitan, Ronit"]
[Black "Kanov, Nikola"]
[Result "1/2-1/2"]
[WhiteElo "2185"]
[BlackElo "2392"]
[PlyCount "88"]
[EventDate "2023.03.03"]
[EventType "swiss"]
[EventRounds "11"]
[EventCountry "SRB"]
[SourceTitle "CBM 213"]
[Source "ChessBase"]
[SourceDate "2023.04.30"]
[SourceVersion "1"]
[SourceVersionDate "2023.04.30"]
[SourceQuality "1"]

1. e4 e5 2. Nf3 Nc6 3. Nc3 Nf6 4. Bb5 Bb4 5. 0-0 0-0 6. Bxc6 dxc6 7. d3 Re8 8. Ne2 Bd6 9. Ng3 c5 10. Kh1 Nd7 11. Be3 Nf8 12. Ng1 Ne6 13. N3e2 b6 14. b3 Bb7 15. f4 exf4 16. Nxf4 Bxf4 17. Bxf4 f5 18. exf5 Nd4 19. Qg4 Qd7 20. Bh6 g6 21. Rf2 Nxf5 22. Raf1 Re5 23. Nf3 Rd5 24. Bc1 Re8 25. Qf4 Qg7 26. Qa4 Rdd8 27. Bg5 Ra8 28. Nh4 Nd6 29. Qf4 Qd4 30. Bh6 Qxf4 31. Rxf4 Bd5 32. Rf6 Nf7 33. Bc1 Re2 34. c4 Be6 35. Nf3 Re8 36. Ng5 Nxg5 37. Bxg5 Kg7 38. R6f3 h6 39. Bf4 Re7 40. h3 Bf5 41. Kg1 Rxa2 42. g4 g5 43. Bxg5 hxg5 44. Rxf5 Ree2 1/2-1/2

[Event "EU-ch 23rd"]
[Site "Vrnjacka Banja"]
[Date "2023.03.08"]
[Round "6"]
[White "Levitan, Ronit"]
[Black "Gaehwiler, Gabriel"]
[Result "1/2-1/2"]
[WhiteElo "2185"]
[BlackElo "2413"]
[PlyCount "72"]
[EventDate "2023.03.03"]
[EventType "swiss"]
[EventRounds "11"]
[EventCountry "SRB"]
[SourceTitle "CBM 213"]
[Source "ChessBase"]
[SourceDate "2023.04.30"]
[SourceVersion "1"]
[SourceVersionDate "2023.04.30"]
[SourceQuality "1"]

1. e4 c5 2. c3 d5 3. exd5 Nf6 4. Bb5+ Nbd7 5. d4 a6 6. Be2 Nxd5 7. Nf3 e6 8. c4 N5f6 9. 0-0 Qc7 10. Nc3 b6 11. Re1 Bd6 12. d5 0-0 13. dxe6 fxe6 14. Bd3 Bb7 15. Ne4 Bxe4 16. Bxe4 Rad8 17. Qe2 Ne5 18. Nxe5 Bxe5 19. g3 Bd4 20. Bf3 e5 21. Be3 e4 22. Bg2 Qe5 23. Bxd4 Rxd4 24. Rad1 Rfd8 25. Rxd4 Rxd4 26. b3 Qd6 27. Qe3 Rd3 28. Qg5 Rd1 29. Rxd1 Qxd1+ 30. Bf1 Qd4 31. Qf5 Kf7 32. Bh3 Qd6 33. Bg2 Qd1+ 34. Bf1 Qd4 35. Bh3 Qa1+ 36. Kg2 Qd4 1/2-1/2

[Event "EU-ch 23rd"]
[Site "Vrnjacka Banja"]
[Date "2023.03.05"]
[Round "3"]
[White "Sokolovsky, Yahli"]
[Black "Levitan, Ronit"]
[Result "1-0"]
[WhiteElo "2476"]
[BlackElo "2185"]
[PlyCount "77"]
[EventDate "2023.03.03"]
[EventType "swiss"]
[EventRounds "11"]
[EventCountry "SRB"]
[SourceTitle "CBM 213"]
[Source "ChessBase"]
[SourceDate "2023.04.30"]
[SourceVersion "1"]
[SourceVersionDate "2023.04.30"]
[SourceQuality "1"]

1. e4 e5 2. Nf3 Nc6 3. Bb5 a6 4. Ba4 Nf6 5. d3 d6 6. c4 g6 7. Nc3 Bg7 8. h3 0-0 9. 0-0 Nd4 10. Nxd4 exd4 11. Ne2 Nd7 12. b4 a5 13. Bxd7 Bxd7 14. b5 f5 15. exf5 Rxf5 16. Ng3 Rf7 17. Ne4 h6 18. a4 b6 19. Bd2 Be6 20. Qe2 Qd7 21. Rfe1 Re8 22. Rac1 Kh7 23. f3 Rfe7 24. Qf2 Bf5 25. Qh4 Re5 26. Bxh6 Kg8 27. Bxg7 Kxg7 28. Rf1 Qf7 29. Ng5 Qg8 30. Qxd4 Kh6 31. Qh4+ Kg7 32. Qd4 Kh6 33. Ne4 Bxe4 34. fxe4 Qe6 35. Rf4 g5 36. Rf2 Kg6 37. Rcf1 Rh8 38. Rf5 g4 39. Qf2 1-0